Регионална библиотека "Любен Каравелов" - Русе

Художествена керамика от Мелник [Изобразителен материал] / (Запис номер 388607)

MARC детайли
000 -Лидер
Контролно поле с фиксирана дължина 01289nkm a2200265 a 4500
003 - Код на организацията, давaща контролен номер
Контролно поле BLK
005 - Дата и час на последна редакция
Контролно поле 20240611174402.0
008 - Елементи от данни с фиксирана дължина
fixed length control field 200925b bu ||||| |||| 00| 0 bu d
040 ## - Източник на каталожния запис
Идентификатор на билиотеката - собственик на записа BLK
041 ## - Код за език
Код за езика на текст/звукозапис или на отделно заглавие Български
-- Румънски
-- Немски
Код за езика КДБФ Български
080 ## - УДК
Текстов определител УДК Художествена керамика. Грънчарско изкуство
УДК код - определител по УДК 738
УДК определител (497.22-21)(084)
УДК - код + определител 738(497.22-21)(084)
100 ## - Редна дума - Автор
Автор Цветков, Борис Христов
Автор - информация (биография) Оперен певец
R(LIN) 272270
139 ## - Редно поле
Редна дума Цветков, Борис Христов
245 ## - Сведения за заглавието
Заглавие Художествена керамика от Мелник [Изобразителен материал] /
Редно поле (дума) Борис Цветков ; снимки Мария Павлова ; ред. Росица Спасова
260 ## - Област на издателските данни
9 (RLIN) 210539
Място на издаване, разпространение и проч. София
Име на издателя, разпространителя и проч. Септември
Година на издаване 1979
Издателство - префикс ISBN 954-406-
300 ## - Физическа характеристика
Страници 1 албум (21 с., 27 л. с ил.)
Размери/Мащаб 22Х24 см
380 ## - Жанр
Жанр Изкуство
500 ## - Общи забележки
Забележка Парал. текст на рус., нем. ез. / прев. Виолета Пенева, Милка Фингова<br/>
650 #0 - Допълнително описание по предмет – тема
9 (RLIN) 300195
Основно описание – тема или топоним Керамика, художествена
651 #7 - Допълнително описание по предмет - топоним
9 (RLIN) 179211
Географско понятие Мелник
653 #7 - Ключова дума – ненормативна
9 (RLIN) 181106
Ключова дума антично изкуство
852 ## - Местоположение
Форматна сигнатура Цб 301589
Фондова буква Хранилище
999 ## - СИСТЕМНИ КОНТРОЛНИ НОМЕРА
Koha biblionumber 388607
Koha biblioitemnumber 388607
942 ## - АРТИКУЛИ
Източник на класификационната схема Universal Decimal Classification
Вид на библиотечния материал Графични издания
Скрит в OPAC Не
Периодичен библиозапис Да
944 ## - СЪЗДАВАНЕ И РЕДАКЦИЯ на ЗАПИСА
Създаване/Редакция Създаване
Дата на регистрацията/редакция 2020-09-25
Служител, извършил регистрацията/редакцията 30535
Статус, дата на статуса Христина Везирева
Наличности
Код за отписване Код за изгубен артикул Източник на класификационната схема Код за повреда Коз за рестрикции Код за отдаване Артикулен № Име на библиотеката - собственик Име на библиотеката, в която се намира в момента Статус (Текущо местоположение) Дата на вписване в системата Местоположение - отдел Цена в лева Инвентарен номер Систематично азбучна сигнатура Баркод Цена в евро Служебен тип на артикула
  Не е изгубен Universal Decimal Classification Не е повреден само за читалня ползва се в читалня 801442 Регионална библиотека "Любен Каравелов" Русе Регионална библиотека "Любен Каравелов" Русе Хранилище 2020-09-29 Хранилище 1.60 295299 Цб 301589 120000295299 0.82 Графични издания
Vip Innovations Ltd, Rousse, Bulgaria 2025